| 000 | 01028cam a22003015a 4500 | ||
|---|---|---|---|
| 999 |
_c18945 _d18917 |
||
| 001 | 009696012 | ||
| 003 | EG-ScBUE | ||
| 005 | 20210418131715.0 | ||
| 008 | 010110r20011987enkabc f b 001 0 eng d | ||
| 020 | _a9780192854377 | ||
| 040 |
_aStDuBDS _beng _erda _dUk _dEG-ScBUE _cEG-ScBUE |
||
| 082 | 0 | 4 |
_a820.9 _bOXF _222 |
| 245 | 0 | 4 |
_aThe Oxford illustrated history of English literature / _cedited by Pat Rogers. |
| 250 | _aReissued edition. | ||
| 264 | 1 |
_aOxford : _bOxford University Press, _c2001. |
|
| 300 |
_axiv, 528 pages : _bmaps, photographs, portraits (some color) ; _c25 cm |
||
| 336 |
_2rdacontent _atext _btxt |
||
| 337 |
_2rdamedia _aunmediated _bn |
||
| 338 |
_2rdacarrier _avolume _bnc |
||
| 504 | _aIncludes bibliographical references and index. | ||
| 590 | _aMenna | ||
| 650 | 7 |
_aEnglish literature _xHistory and criticism. _2BUEsh _919770 |
|
| 651 | _2BUEsh | ||
| 653 |
_cAugust2015 _bHHUUEENN |
||
| 655 |
_vReading book _934232 |
||
| 700 | 1 |
_aRogers, Pat, _d1938- _eeditor. _937350 |
|
| 942 |
_2ddc _k820.9 OXF _cBB |
||